[Event "Wachtebeke-A"]
[Site "Wachtebeke"]
[Date "2024.02.13"]
[Round "6"]
[White "Milliet, Sophie"]
[Black "Van Cappellen, Jonas"]
[Result "1-0"]
[WhiteElo "2392"]
[BlackElo "2212"]
[PlyCount "127"]
[EventDate "2024.02.10"]
[EventType "tourn"]
[EventRounds "9"]
[EventCountry "BEL"]
[EventCategory "3"]
[SourceTitle "CB09_2024"]
[SourceDate "2024.02.28"]
[SourceVersion "1"]
[SourceVersionDate "2024.02.28"]
[SourceQuality "1"]

1. d4 Nf6 2. c4 e6 3. g3 c5 4. d5 exd5 5. cxd5 d6 6. Nc3 g6 7. Bg2 Bg7 8. Nf3 0-0 9. 0-0 Re8 10. Re1 Nbd7 11. a4 Ng4 12. Nd2 f5 13. Nf3 Nf8 14. Bf4 a6 15. Qc1 Ne5 16. Nxe5 Bxe5 17. Bxe5 Rxe5 18. f4 Re8 19. e4 fxe4 20. Nxe4 Bf5 21. Ng5 Qd7 22. Qc3 Rxe1+ 23. Rxe1 Re8 24. a5 Rxe1+ 25. Qxe1 Qg7 26. Qd2 Qe7 27. h3 h6 28. Nf3 Bd7 29. g4 Nh7 30. g5 hxg5 31. fxg5 Nf8 32. Qf4 Bf5 33. h4 Bd3 34. Qd2 Bf5 35. Qf4 Bd3 36. Kh2 Be2 37. Nd2 Bd3 38. Be4 Bb5 39. Kg3 Kg7 40. Nf3 Be2 41. Ng1 Bb5 42. Kf2 Ba4 43. Ne2 Bd1 44. Ng3 Nd7 45. Ke1 Bb3 46. Kd2 Qe5 47. Qxe5+ Nxe5 48. h5 gxh5 49. Nf5+ Kg6 50. Nd4+ Kxg5 51. Nxb3 Kf4 52. Bh1 h4 53. Nc1 Nc4+ 54. Kc3 Nxa5 55. Nd3+ Ke3 56. Nxc5 b5 57. Nxa6 Nc4 58. Nc7 Ne5 59. Nxb5 h3 60. Nxd6 Ng4 61. Nc4+ Kf2 62. d6 Nf6 63. Ne5 Kg1 64. Bc6 1-0

[Event "Wachtebeke-A"]
[Site "Wachtebeke"]
[Date "2024.02.12"]
[Round "5"]
[White "Van Cappellen, Jonas"]
[Black "Gloeckler, Christian"]
[Result "0-1"]
[WhiteElo "2212"]
[BlackElo "2312"]
[PlyCount "56"]
[EventDate "2024.02.10"]
[EventType "tourn"]
[EventRounds "9"]
[EventCountry "BEL"]
[EventCategory "3"]
[SourceTitle "CB09_2024"]
[SourceDate "2024.02.28"]
[SourceVersion "1"]
[SourceVersionDate "2024.02.28"]
[SourceQuality "1"]

1. Nf3 d5 2. e3 Nf6 3. c4 e6 4. Nc3 c6 5. b3 Nbd7 6. Bb2 e5 7. cxd5 cxd5 8. d4 e4 9. Ne5 a6 10. Be2 Bd6 11. Nxd7 Bxd7 12. 0-0 h5 13. f4 Ng4 14. Bxg4 hxg4 15. g3 Rh5 16. Nb1 b5 17. Qd2 a5 18. Nc3 b4 19. Ne2 Ke7 20. a4 Qh8 21. Rf2 Rh3 22. Rc1 Qh6 23. Rc5 Rh8 24. Kf1 Rxh2 25. Ng1 Bxc5 26. dxc5 Qa6+ 27. Re2 Qd3 28. Ke1 Rxe2+ 0-1

[Event "Wachtebeke-A"]
[Site "Wachtebeke"]
[Date "2024.02.10"]
[Round "2"]
[White "Victor, Julian"]
[Black "Van Cappellen, Jonas"]
[Result "1-0"]
[WhiteElo "2289"]
[BlackElo "2212"]
[PlyCount "101"]
[EventDate "2024.02.10"]
[EventType "tourn"]
[EventRounds "9"]
[EventCountry "BEL"]
[EventCategory "3"]
[SourceTitle "CB09_2024"]
[SourceDate "2024.02.28"]
[SourceVersion "1"]
[SourceVersionDate "2024.02.28"]
[SourceQuality "1"]

1. Nf3 Nf6 2. c4 e6 3. g3 d5 4. d4 dxc4 5. Bg2 Bd7 6. Ne5 Bc6 7. Nxc6 Nxc6 8. 0-0 Qd7 9. e3 Rd8 10. Nc3 Nd5 11. Qe2 Nb6 12. b3 cxb3 13. axb3 Bd6 14. Bb2 0-0 15. Rfc1 a6 16. h4 e5 17. Na4 exd4 18. Bxc6 bxc6 19. Bxd4 Nxa4 20. Rxa4 Rb8 21. Qb2 f6 22. Rxa6 Qf7 23. Rc3 c5 24. Bxc5 Bxc5 25. Rxc5 Rxb3 26. Qc2 Rb7 27. Qe4 Qb3 28. Kg2 Rfb8 29. Re6 Kf8 30. Rec6 Qb1 31. Qf4 Qd3 32. Rxf6+ Kg8 33. Rf7 Qg6 34. Rfxc7 Rxc7 35. Rxc7 Rf8 36. Qc4+ Kh8 37. Rc8 Qf6 38. Rxf8+ Qxf8 39. e4 h6 40. Qe6 Qc5 41. Qd5 Qc2 42. h5 Qe2 43. Qf5 Qd3 44. Kh2 Qc2 45. Qf8+ Kh7 46. e5 Qe4 47. Qf4 Qd3 48. e6 Qd5 49. Qf7 Kh8 50. Qe8+ Kh7 51. e7 1-0

[Event "Maastricht Limburg op 14th"]
[Site "Maastricht"]
[Date "2022.06.06"]
[Round "7"]
[White "Gurevich, Mikhail"]
[Black "Van Cappellen, Jonas"]
[Result "1-0"]
[WhiteElo "2576"]
[BlackElo "2244"]
[PlyCount "83"]
[EventDate "2022.06.03"]
[EventType "swiss"]
[EventRounds "7"]
[EventCountry "NED"]
[SourceTitle "CBM 208 Extra"]
[Source "ChessBase"]
[SourceDate "2022.07.31"]
[SourceVersion "1"]
[SourceVersionDate "2022.07.31"]
[SourceQuality "1"]

1. c4 e5 2. Nc3 Nf6 3. Nf3 Nc6 4. a3 d5 5. cxd5 Nxd5 6. Qc2 Be7 7. e3 Nxc3 8. bxc3 0-0 9. d4 Bf6 10. Bd3 h6 11. 0-0 Re8 12. Rb1 g6 13. Nd2 Bg7 14. a4 b6 15. Ba3 Bb7 16. Rfd1 Qd7 17. Bb5 a6 18. Bf1 Rad8 19. Nf3 Qe6 20. Bb2 Re7 21. Ba1 Red7 22. Re1 Qd6 23. Nd2 Na5 24. Nf3 Nc6 25. Qc1 Kh7 26. c4 exd4 27. c5 Qd5 28. exd4 Na5 29. Bc3 Bc6 30. cxb6 cxb6 31. Rxb6 Nc4 32. Rxa6 Bb7 33. Ra7 Rc8 34. Qf4 Nd6 35. Bb4 Nf5 36. Ra5 Qb3 37. Rxf5 Qxb4 38. Rxf7 Rxf7 39. Qxf7 Bxf3 40. Re7 Qxd4 41. Qxf3 Qxa4 42. Rxg7+ 1-0

[Event "Leuven op"]
[Site "Leuven"]
[Date "2019.11.11"]
[Round "6"]
[White "Vanden Bussche, Steven"]
[Black "Van Cappellen, Jonas"]
[Result "1/2-1/2"]
[WhiteElo "2069"]
[BlackElo "2231"]
[PlyCount "70"]
[EventDate "2019.11.08"]
[EventType "swiss"]
[EventRounds "7"]
[EventCountry "BEL"]
[SourceTitle "CBM 193 Extra"]
[Source "ChessBase"]
[SourceDate "2020.01.31"]
[SourceVersion "1"]
[SourceVersionDate "2020.01.31"]
[SourceQuality "1"]

1. d4 Nf6 2. Bf4 e6 3. e3 c5 4. c3 cxd4 5. exd4 Be7 6. Nd2 0-0 7. Ngf3 b6 8. Bd3 Ba6 9. Qe2 Bxd3 10. Qxd3 d6 11. 0-0 a6 12. a4 Nbd7 13. h3 Qc7 14. Rfe1 Qc6 15. Qc4 Rfc8 16. Qxc6 Rxc6 17. Bg3 h6 18. Nb3 Bf8 19. Nc1 Rc7 20. Nd3 Rca7 21. Nb4 d5 22. Nc6 Rb7 23. Nfe5 Nxe5 24. Nxe5 Rc8 25. f3 b5 26. axb5 axb5 27. Rec1 b4 28. c4 dxc4 29. Rxc4 Rxc4 30. Nxc4 Be7 31. Ne5 Bd6 32. Ra6 Bxe5 33. Bxe5 Nd5 34. b3 Rd7 35. Kf2 Rd8 1/2-1/2

[Event "Leuven op"]
[Site "Leuven"]
[Date "2019.11.10"]
[Round "5"]
[White "Van Cappellen, Jonas"]
[Black "Dardha, Daniel"]
[Result "0-1"]
[WhiteElo "2231"]
[BlackElo "2436"]
[PlyCount "98"]
[EventDate "2019.11.08"]
[EventType "swiss"]
[EventRounds "7"]
[EventCountry "BEL"]
[SourceTitle "CBM 193 Extra"]
[Source "ChessBase"]
[SourceDate "2020.01.31"]
[SourceVersion "1"]
[SourceVersionDate "2020.01.31"]
[SourceQuality "1"]

1. d4 Nf6 2. c4 c5 3. d5 e6 4. Nc3 exd5 5. cxd5 d6 6. Nf3 g6 7. Nd2 Nbd7 8. e4 Bg7 9. Be2 0-0 10. 0-0 Re8 11. h3 a6 12. a4 Qe7 13. Qc2 h6 14. b3 g5 15. Bb2 Ne5 16. f4 gxf4 17. Rxf4 Ng6 18. Rf2 Nd7 19. Nd1 Nde5 20. Ne3 Qg5 21. Nf5 Nf4 22. Kh1 Bxf5 23. exf5 Nxd5 24. f6 Nxf6 25. Raf1 Nh5 26. Bxh5 Qxh5 27. Ne4 Qg6 28. Nf6+ Bxf6 29. Qxg6+ Nxg6 30. Rxf6 Re2 31. Bc1 Re6 32. Rxf7 Rf8 33. Rxf8+ Nxf8 34. g4 d5 35. Kg2 Ng6 36. Kg3 Ne7 37. h4 b5 38. axb5 axb5 39. h5 c4 40. bxc4 dxc4 41. g5 c3 42. Rd1 Nf5+ 43. Kf4 Nd6 44. gxh6 b4 45. Rg1+ Kh7 46. Kf3 b3 47. Rg7+ Kh8 48. Rg2 Nc4 49. Bf4 b2 0-1

[Event "Leer op"]
[Site "Leer"]
[Date "2018.11.02"]
[Round "3"]
[White "Karthikeyan, Pandian"]
[Black "Van Cappellen, Jonas"]
[Result "1-0"]
[WhiteElo "2450"]
[BlackElo "2212"]
[PlyCount "60"]
[EventDate "2018.11.01"]
[EventType "swiss"]
[EventRounds "7"]
[EventCountry "GER"]
[SourceTitle "CBM 187 Extra"]
[Source "ChessBase"]
[SourceDate "2018.11.04"]
[SourceVersion "1"]
[SourceVersionDate "2018.11.04"]
[SourceQuality "1"]

1. d4 Nf6 2. c4 e6 3. g3 d5 4. Bg2 dxc4 5. Nf3 a6 6. 0-0 Nc6 7. e3 Rb8 8. Nfd2 e5 9. Bxc6+ bxc6 10. dxe5 Ng4 11. Nxc4 Be6 12. Nbd2 Bb4 13. Qe2 h5 14. f3 h4 15. fxg4 hxg3 16. hxg3 Bxd2 17. Nxd2 Qd5 18. e4 Qxe5 19. Kg2 Qg5 20. Rf5 Bxf5 21. exf5+ Kf8 22. b3 Qh6 23. Ba3+ c5 24. Re1 Kg8 25. Ne4 c4 26. bxc4 Qc6 27. Qd3 Re8 28. Qd5 Qa4 29. Ng5 Qc2+ 30. Kf3 Qc3+ 1-0

[Event "Charleroi op"]
[Site "Charleroi"]
[Date "2018.08.01"]
[Round "6"]
[White "Van Cappellen, Jonas"]
[Black "Terryn, Ezra"]
[Result "0-1"]
[WhiteElo "2202"]
[BlackElo "2007"]
[PlyCount "88"]
[EventDate "2018.07.28"]
[EventType "swiss"]
[EventRounds "9"]
[EventCountry "BEL"]
[SourceTitle "CBM 185 Extra"]
[Source "ChessBase"]
[SourceDate "2018.07.29"]
[SourceVersion "1"]
[SourceVersionDate "2018.07.29"]
[SourceQuality "1"]

1. d4 c5 2. d5 d6 3. c4 g6 4. e4 Bg7 5. Bd3 Nf6 6. h3 0-0 7. Nf3 Na6 8. Nc3 Nc7 9. 0-0 a6 10. a4 b6 11. Bf4 e6 12. dxe6 Nxe6 13. Bh2 Qd7 14. Bc2 Rd8 15. Qd2 Bb7 16. Nd5 Nxd5 17. cxd5 Nd4 18. Nxd4 Bxd4 19. Rab1 a5 20. Kh1 Ba6 21. Rfe1 b5 22. axb5 Bxb5 23. f4 a4 24. e5 Re8 25. Bg1 dxe5 26. fxe5 Bxe5 27. Bxc5 Rad8 28. Be4 Bg3 29. Bf3 Bxe1 30. Rxe1 Rxe1+ 31. Qxe1 Re8 32. Qf2 Bd3 33. Qd4 Qf5 34. Bb4 Be4 35. Bc3 f6 36. Bxe4 Rxe4 37. Qb6 Re2 38. Qb8+ Kg7 39. Qc7+ Kh6 40. Qg3 Qf2 41. Kh2 Qxg3+ 42. Kxg3 Re3+ 43. Kf4 Rxc3 44. bxc3 Kg7 0-1

[Event "Charleroi op"]
[Site "Charleroi"]
[Date "2018.07.29"]
[Round "2"]
[White "Van Cappellen, Jonas"]
[Black "Timmermans, Daniel"]
[Result "1-0"]
[WhiteElo "2202"]
[BlackElo "1908"]
[PlyCount "109"]
[EventDate "2018.07.28"]
[EventType "swiss"]
[EventRounds "9"]
[EventCountry "BEL"]
[SourceTitle "CBM 185 Extra"]
[Source "ChessBase"]
[SourceDate "2018.07.29"]
[SourceVersion "1"]
[SourceVersionDate "2018.07.29"]
[SourceQuality "1"]

1. d4 Nf6 2. c4 c5 3. d5 b5 4. cxb5 a6 5. bxa6 g6 6. Nc3 Bxa6 7. Nf3 d6 8. g3 Bg7 9. Bg2 Nbd7 10. Rb1 Qa5 11. Bd2 0-0 12. 0-0 Bb7 13. Qc2 Qa6 14. e4 Ng4 15. Rfd1 Rfb8 16. b3 Nge5 17. Ne1 Qb6 18. h3 Nf6 19. a4 Ba6 20. Be3 Qc7 21. f4 Ned7 22. Kh2 Ne8 23. Nf3 f6 24. Rdc1 Rb7 25. Na2 Rab8 26. Bd2 Be2 27. Nc3 Bxf3 28. Bxf3 c4 29. b4 Qb6 30. Kg2 Qa6 31. Ne2 Rc7 32. Bc3 f5 33. exf5 Bxc3 34. Nxc3 gxf5 35. Qxf5 Ng7 36. Qc2 Nf6 37. g4 Qb6 38. Qf2 Qa6 39. Qe2 Qc8 40. Nb5 Rxb5 41. axb5 c3 42. b6 Rb7 43. Rb3 Rxb6 44. Rbxc3 Qf8 45. b5 Rb7 46. Rc7 Rxc7 47. Rxc7 Nfe8 48. Rxe7 Qxf4 49. Rxe8+ Nxe8 50. Qxe8+ Kg7 51. Qe7+ Kg8 52. Qe2 Qb4 53. g5 Qc5 54. Qe6+ Kg7 55. Be4 1-0

[Event "Charleroi op"]
[Site "Charleroi"]
[Date "2018.07.28"]
[Round "1"]
[White "Bruno, Ricardo"]
[Black "Van Cappellen, Jonas"]
[Result "0-1"]
[WhiteElo "1989"]
[BlackElo "2202"]
[PlyCount "68"]
[EventDate "2018.07.28"]
[EventType "swiss"]
[EventRounds "9"]
[EventCountry "BEL"]
[SourceTitle "CBM 185 Extra"]
[Source "ChessBase"]
[SourceDate "2018.07.29"]
[SourceVersion "1"]
[SourceVersionDate "2018.07.29"]
[SourceQuality "1"]

1. e4 c5 2. Nf3 e6 3. d3 Nc6 4. Nbd2 d5 5. g3 Nf6 6. Bg2 Be7 7. 0-0 0-0 8. Re1 b5 9. Qe2 a5 10. Nf1 b4 11. e5 Nd7 12. h4 Ba6 13. N1h2 c4 14. Bf4 b3 15. axb3 cxd3 16. cxd3 Nc5 17. Rad1 Nb4 18. Ng5 Bxd3 19. Rxd3 Nbxd3 20. Qh5 Bxg5 21. Bxg5 f6 22. exf6 gxf6 23. Bh6 Rf7 24. Re2 Qd7 25. Bh3 Kh8 26. Nf3 Ne4 27. Nd4 f5 28. Nf3 Rg8 29. Ng5 Rf6 30. Nxe4 dxe4 31. Bg5 Rfg6 32. Bd2 Rc8 33. Kh2 Ne5 34. Bg2 Ng4+ 0-1

[Event "Flemish-ch"]
[Site "Ghent"]
[Date "2017.05.28"]
[Round "7"]
[White "Van Cappellen, Jonas"]
[Black "Todts, Benny"]
[Result "1/2-1/2"]
[WhiteElo "2155"]
[BlackElo "1956"]
[PlyCount "40"]
[EventDate "2017.05.25"]
[EventType "swiss"]
[EventRounds "7"]
[EventCountry "BEL"]
[SourceTitle "CBM 178 Extra"]
[Source "ChessBase"]
[SourceDate "2017.06.22"]
[SourceVersion "1"]
[SourceVersionDate "2017.06.22"]
[SourceQuality "1"]

1. d4 c5 2. d5 Nf6 3. Nc3 g6 4. e4 d6 5. Bb5+ Bd7 6. a4 Bg7 7. f4 0-0 8. Nf3 Na6 9. 0-0 Nc7 10. Bc4 Rb8 11. e5 Nfe8 12. Qe1 Bf5 13. Qe2 Bg4 14. Re1 a6 15. a5 b5 16. axb6 Rxb6 17. h3 Bxf3 18. Qxf3 Nb5 19. Nd1 Nd4 20. Qf2 Qc7 1/2-1/2

[Event "Flemish-ch"]
[Site "Ghent"]
[Date "2017.05.25"]
[Round "1"]
[White "Van Cappellen, Jonas"]
[Black "Piceu, Tom"]
[Result "0-1"]
[WhiteElo "2155"]
[BlackElo "2363"]
[PlyCount "108"]
[EventDate "2017.05.25"]
[EventType "swiss"]
[EventRounds "7"]
[EventCountry "BEL"]
[SourceTitle "CBM 178 Extra"]
[Source "ChessBase"]
[SourceDate "2017.06.22"]
[SourceVersion "1"]
[SourceVersionDate "2017.06.22"]
[SourceQuality "1"]

1. d4 Nf6 2. c4 c5 3. d5 b5 4. cxb5 a6 5. bxa6 g6 6. Nc3 Bxa6 7. Nf3 Bg7 8. g3 d6 9. Bg2 Nbd7 10. Rb1 0-0 11. 0-0 Qa5 12. Bd2 Bb7 13. Qc2 Qa7 14. e4 Ng4 15. Rfd1 Ba6 16. h3 Nge5 17. Nxe5 Nxe5 18. Be3 Nc4 19. Bc1 Bc8 20. Qe2 Na3 21. bxa3 Bxc3 22. h4 Bd7 23. h5 Rfb8 24. Bf4 f6 25. hxg6 hxg6 26. Qd3 Bd4 27. e5 Bf5 28. Be4 dxe5 29. Bxf5 gxf5 30. Qxf5 exf4 31. Qg6+ Kf8 32. Qh6+ Ke8 33. Qg6+ Kd7 34. Qg4+ Kc7 35. Qe6 Qa4 36. Rbc1 Rb6 37. Rxd4 Rxe6 38. Rxa4 Rxa4 39. dxe6 Kd6 40. gxf4 Rxf4 41. Kf1 Re4 42. Re1 Rxe1+ 43. Kxe1 Kxe6 44. Kd2 Kd5 45. a4 e5 46. a5 f5 47. a4 Kc6 48. Kd3 e4+ 49. Ke3 Kb7 50. Kf4 c4 51. Ke3 c3 52. Ke2 f4 53. Kd1 e3 54. fxe3 fxe3 0-1

[Event "BEL-ch op"]
[Site "Antwerp"]
[Date "2013.07.10"]
[Round "5"]
[White "Van Cappellen, Jonas"]
[Black "Sadkowsky, Daniel"]
[Result "1/2-1/2"]
[WhiteElo "2144"]
[BlackElo "2230"]
[PlyCount "42"]
[EventDate "2013.07.06"]
[EventType "swiss"]
[EventRounds "9"]
[EventCountry "BEL"]
[SourceTitle "CBM 155 Extra"]
[Source "ChessBase"]
[SourceDate "2013.08.26"]
[SourceVersion "1"]
[SourceVersionDate "2013.08.26"]
[SourceQuality "1"]

1. e4 e5 2. Nf3 Nc6 3. Bb5 a6 4. Ba4 Nf6 5. 0-0 Be7 6. Re1 b5 7. Bb3 d6 8. c3 0-0 9. h3 Na5 10. Bc2 c5 11. d4 Nd7 12. dxc5 dxc5 13. Nbd2 Bb7 14. Nf1 Nc4 15. a4 Qc7 16. Qe2 Rfe8 17. b3 Nd6 18. Ng3 Bf8 19. Be3 Bc6 20. Nd2 g6 21. Qg4 Qd8 1/2-1/2

[Event "Leuven op 24th"]
[Site "Leuven"]
[Date "2012.11.04"]
[Round "4"]
[White "Leunis, Geert"]
[Black "Van Cappellen, Jonas"]
[Result "1/2-1/2"]
[WhiteElo "2284"]
[BlackElo "2104"]
[PlyCount "76"]
[EventDate "2012.11.01"]
[EventType "swiss"]
[EventRounds "7"]
[EventCountry "BEL"]
[SourceTitle "EXT 2013"]
[Source "ChessBase"]
[SourceDate "2012.11.22"]
[SourceVersion "1"]
[SourceVersionDate "2012.11.22"]
[SourceQuality "1"]

1. e4 c5 2. c3 d5 3. exd5 Qxd5 4. d4 Nf6 5. Nf3 e6 6. Be3 cxd4 7. cxd4 Bb4+ 8. Nc3 0-0 9. Be2 b6 10. 0-0 Bxc3 11. bxc3 Ba6 12. Ne5 Bxe2 13. Qxe2 Nc6 14. Nxc6 Qxc6 15. c4 Rac8 16. Rfc1 Qa4 17. Bg5 Nd7 18. Rc3 Rc6 19. Rac1 Qa5 20. Qe3 Rfc8 21. Ra3 Qb4 22. Rxa7 Rxc4 23. Rd1 Qd6 24. h3 h6 25. Bf4 Qd5 26. Qg3 Rc3 27. Rd3 Rxd3 28. Qxd3 Rd8 29. Bc7 Ra8 30. Rxa8+ Qxa8 31. Qb5 Nf6 32. a4 Nd5 33. Bxb6 Nxb6 34. Qxb6 Qxa4 35. Qd8+ Kh7 36. Qh4 Qd1+ 37. Kh2 Qd3 38. Qf4 Kg8 1/2-1/2

[Event "Leuven op 24th"]
[Site "Leuven"]
[Date "2012.11.04"]
[Round "6"]
[White "Stone, Andrew"]
[Black "Van Cappellen, Jonas"]
[Result "1/2-1/2"]
[WhiteElo "2203"]
[BlackElo "2104"]
[PlyCount "76"]
[EventDate "2012.11.01"]
[EventType "swiss"]
[EventRounds "7"]
[EventCountry "BEL"]
[SourceTitle "EXT 2013"]
[Source "ChessBase"]
[SourceDate "2012.11.22"]
[SourceVersion "1"]
[SourceVersionDate "2012.11.22"]
[SourceQuality "1"]

1. c4 Nf6 2. g3 e6 3. Bg2 d5 4. Nf3 dxc4 5. Qa4+ Bd7 6. Qxc4 Bc6 7. 0-0 Nbd7 8. d3 Nb6 9. Qc2 Bd6 10. b3 0-0 11. Bb2 Qe7 12. e4 e5 13. Nbd2 Nfd7 14. d4 Bb5 15. Rfe1 a5 16. dxe5 Nxe5 17. Nxe5 Bxe5 18. Bxe5 Qxe5 19. Nf3 Qe7 20. Nd4 c6 21. Nf5 Qc7 22. a4 Ba6 23. Qc3 f6 24. Qxa5 Rfd8 25. Qc5 g6 26. Ne7+ Kf7 27. Nd5 Nxd5 28. exd5 Qd6 29. Qxd6 Rxd6 30. Rac1 cxd5 31. Rc7+ Kg8 32. Ree7 d4 33. Rg7+ Kh8 34. Rxh7+ Kg8 35. Bf1 d3 36. Rcg7+ Kf8 37. Rd7 Rxd7 38. Rxd7 Ke8 1/2-1/2

[Event "Geraardsbergen op 28th"]
[Site "Geraardsbergen"]
[Date "2012.08.13"]
[Round "5"]
[White "Van Cappellen, Jonas"]
[Black "Krosenbrink, Marcel"]
[Result "1-0"]
[WhiteElo "2172"]
[BlackElo "1942"]
[PlyCount "87"]
[EventDate "2012.08.11"]
[EventType "swiss"]
[EventRounds "9"]
[EventCountry "BEL"]
[SourceTitle "EXT 2013"]
[Source "ChessBase"]
[SourceDate "2012.11.22"]
[SourceVersion "1"]
[SourceVersionDate "2012.11.22"]
[SourceQuality "1"]

1. e4 c6 2. d4 d5 3. Nc3 dxe4 4. Nxe4 Nf6 5. Nxf6+ gxf6 6. Qd3 Be6 7. Bd2 Qb6 8. Bc3 Na6 9. a3 0-0-0 10. 0-0-0 Nc7 11. Qd2 Nd5 12. Ba5 Bh6 13. Bxb6 Bxd2+ 14. Rxd2 Nxb6 15. Nf3 Rhg8 16. g3 Nc4 17. Rd1 Nd6 18. Bg2 Ne4 19. Rde1 Nxf2 20. Rhf1 Ng4 21. h3 Nh6 22. g4 Rge8 23. c3 Bd5 24. Rf2 Ng8 25. Nd2 Bxg2 26. Rxg2 e5 27. Rge2 Kd7 28. dxe5 fxe5 29. Rxe5 f6 30. R5e4 Rxe4 31. Nxe4 Kc7 32. Rf1 Rd3 33. h4 Rh3 34. h5 Nh6 35. Nxf6 Rg3 36. Rd1 Nxg4 37. Rd7+ Kc8 38. Rg7 Rg1+ 39. Kd2 Rg2+ 40. Ke1 Ne3 41. h6 Rxb2 42. Rxh7 Ng2+ 43. Kd1 Nf4 44. Rg7 1-0

[Event "Charleroi op"]
[Site "Charleroi"]
[Date "2012.08.04"]
[Round "9"]
[White "Van Cappellen, Jonas"]
[Black "Sclacmender, Julien"]
[Result "1/2-1/2"]
[WhiteElo "2103"]
[BlackElo "2223"]
[PlyCount "97"]
[EventDate "2012.07.28"]
[EventType "swiss"]
[EventRounds "9"]
[EventCountry "BEL"]
[SourceTitle "CBM 149 Extra"]
[Source "ChessBase"]
[SourceDate "2012.08.24"]
[SourceVersion "1"]
[SourceVersionDate "2012.08.24"]
[SourceQuality "1"]

1. c4 e5 2. g3 d6 3. Bg2 Nc6 4. Nc3 g6 5. d3 Bg7 6. Nf3 Nge7 7. 0-0 0-0 8. Rb1 a5 9. Nd5 h6 10. a3 Be6 11. Ne1 Kh7 12. b4 axb4 13. axb4 Qd7 14. b5 Nd8 15. Nc2 f5 16. f4 Rb8 17. Nce3 Nf7 18. b6 c6 19. Nc7 exf4 20. gxf4 Bd4 21. Kh1 Nc8 22. Ned5 Nd8 23. e3 Bg7 24. Nxe6 Nxe6 25. Nc7 Nxc7 26. bxc7 Qxc7 27. e4 Ne7 28. Be3 c5 29. Rb5 fxe4 30. dxe4 Nc6 31. Qd3 Bd4 32. Bd2 Ra8 33. Rfb1 Ra1 34. Rxa1 Bxa1 35. Qb1 Bg7 36. Rxb7 Qc8 37. Qb6 Qg4 38. Qb1 Nd4 39. Qf1 Qe2 40. Qxe2 Nxe2 41. e5 dxe5 42. fxe5 Re8 43. Bd5 Rxe5 44. Rc7 Nd4 45. Rxc5 Nb3 46. Rc8 Nxd2 47. Bg8+ Kh8 48. Bd5+ Kh7 49. Bg8+ 1/2-1/2

[Event "BEL-ch op"]
[Site "Antwerp"]
[Date "2011.07.05"]
[Round "4.10"]
[White "Van Cappellen, Jonas"]
[Black "Barbier, Wim"]
[Result "0-1"]
[WhiteElo "2058"]
[BlackElo "2147"]
[PlyCount "36"]
[EventDate "2011.07.02"]
[EventType "swiss"]
[EventRounds "9"]
[EventCountry "BEL"]
[SourceTitle "CBM 143 Extra"]
[Source "ChessBase"]
[SourceDate "2011.08.29"]
[SourceVersion "1"]
[SourceVersionDate "2011.08.29"]
[SourceQuality "1"]

1. e4 c5 2. Nf3 g6 3. d4 cxd4 4. Nxd4 Nc6 5. Nc3 Bg7 6. Be3 Nf6 7. Bc4 0-0 8. Bb3 a5 9. 0-0 a4 10. Nxa4 Nxe4 11. Nb5 d6 12. Bb6 Qd7 13. Qe2 Nf6 14. c4 Qg4 15. Qe3 Nh5 16. h3 Qh4 17. Nac3 Be5 18. Nd4 Bxd4 0-1

[Event "BEL-ch op"]
[Site "Antwerp"]
[Date "2011.07.04"]
[Round "3.14"]
[White "Verduyckt, Johan"]
[Black "Van Cappellen, Jonas"]
[Result "1/2-1/2"]
[WhiteElo "1885"]
[BlackElo "2058"]
[PlyCount "73"]
[EventDate "2011.07.02"]
[EventType "swiss"]
[EventRounds "9"]
[EventCountry "BEL"]
[SourceTitle "CBM 143 Extra"]
[Source "ChessBase"]
[SourceDate "2011.08.29"]
[SourceVersion "1"]
[SourceVersionDate "2011.08.29"]
[SourceQuality "1"]

1. d4 e6 2. Nf3 c5 3. e3 Nf6 4. Bd3 cxd4 5. exd4 b6 6. Bf4 Be7 7. h3 Bb7 8. Nbd2 0-0 9. 0-0 d6 10. Qe2 a6 11. Rfe1 Nbd7 12. c3 Re8 13. Bg5 Qc7 14. Qf1 Bf8 15. Ne4 Nh5 16. Nfd2 d5 17. Be2 Nf4 18. Ng3 Bd6 19. Nh5 Nxe2+ 20. Qxe2 Nf8 21. Bh4 Ng6 22. Bg3 e5 23. dxe5 Bxe5 24. Qd3 Re7 25. Nf3 Bxg3 26. Nxg3 Rae8 27. Rxe7 Rxe7 28. Nf5 Re4 29. Ng3 Re8 30. Qd4 Nf4 31. Re1 Rxe1+ 32. Nxe1 Ne6 33. Qe3 Qc5 34. Qe5 Qc7 35. Qxc7 Nxc7 36. Nc2 Ne6 37. Nf5 1/2-1/2

[Event "BEL-ch U20"]
[Site "Houffalize"]
[Date "2011.04.23"]
[Round "9"]
[White "Lafosse, Jimmy"]
[Black "Van Cappellen, Jonas"]
[Result "1/2-1/2"]
[WhiteElo "2065"]
[BlackElo "2059"]
[PlyCount "26"]
[EventDate "2011.04.17"]
[EventType "tourn"]
[EventRounds "9"]
[EventCountry "BEL"]
[SourceTitle "CBM 142 Extra"]
[Source "ChessBase"]
[SourceDate "2011.06.27"]
[SourceVersion "1"]
[SourceVersionDate "2011.06.27"]
[SourceQuality "1"]

1. Nf3 c5 2. e4 d6 3. c3 Nf6 4. Be2 Nc6 5. d4 e6 6. Nbd2 cxd4 7. cxd4 d5 8. e5 Ne4 9. 0-0 Nxd2 10. Qxd2 Be7 11. Bd3 Bd7 12. Qf4 h6 13. Qg4 Bf8 1/2-1/2

[Event "BEL-ch U20"]
[Site "Houffalize"]
[Date "2011.04.20"]
[Round "6"]
[White "Herman, Jean"]
[Black "Van Cappellen, Jonas"]
[Result "1/2-1/2"]
[WhiteElo "2104"]
[BlackElo "2059"]
[PlyCount "24"]
[EventDate "2011.04.17"]
[EventType "tourn"]
[EventRounds "9"]
[EventCountry "BEL"]
[SourceTitle "CBM 142 Extra"]
[Source "ChessBase"]
[SourceDate "2011.06.27"]
[SourceVersion "1"]
[SourceVersionDate "2011.06.27"]
[SourceQuality "1"]

1. d4 e6 2. e4 d5 3. Nc3 Bb4 4. e5 b6 5. f4 Ne7 6. Nf3 Qd7 7. Bd3 Ba6 8. 0-0 Bxd3 9. Qxd3 Nf5 10. Ne2 h5 11. c3 Be7 12. b4 c5 1/2-1/2

[Event "BEL-ch U20"]
[Site "Houffalize"]
[Date "2011.04.20"]
[Round "5"]
[White "Van Cappellen, Jonas"]
[Black "De Schampheleire, Glen"]
[Result "1/2-1/2"]
[WhiteElo "2059"]
[BlackElo "2318"]
[PlyCount "30"]
[EventDate "2011.04.17"]
[EventType "tourn"]
[EventRounds "9"]
[EventCountry "BEL"]
[SourceTitle "CBM 142 Extra"]
[Source "ChessBase"]
[SourceDate "2011.06.27"]
[SourceVersion "1"]
[SourceVersionDate "2011.06.27"]
[SourceQuality "1"]

1. e4 c5 2. Nf3 d6 3. d4 cxd4 4. Qxd4 Bd7 5. c4 Nc6 6. Qd2 g6 7. Nc3 Bh6 8. Qd1 Bg7 9. Be3 Nf6 10. Be2 Rc8 11. 0-0 Bg4 12. Rc1 0-0 13. b3 Nd7 14. Qd2 Nc5 15. Nd4 Bxe2 1/2-1/2